[Event "Potsdam Christmas 34th"]
[Site "Potsdam"]
[Date "2009.12.27"]
[Round "2.6"]
[White "Schulz, Wolfgang"]
[Black "Von Bassewitz, Ingo"]
[Result "1/2-1/2"]
[WhiteElo "2111"]
[BlackElo "1941"]
[PlyCount "137"]
[EventDate "2009.12.27"]
[EventType "swiss"]
[EventRounds "7"]
[EventCountry "GER"]
[SourceTitle "EXT 2022"]
[Source "ChessBase"]
[SourceDate "2021.10.06"]
[SourceVersion "1"]
[SourceVersionDate "2021.10.06"]
[SourceQuality "1"]

1. e4 c5 2. Nf3 d6 3. d4 cxd4 4. Nxd4 Nf6 5. Nc3 g6 6. Be2 Bg7 7. Be3 0-0 8. 0-0 Nc6 9. h3 Bd7 10. Qd2 Nxd4 11. Bxd4 a6 12. Rad1 b5 13. a3 Qc7 14. Bxf6 Bxf6 15. Nd5 Qc6 16. Nxf6+ exf6 17. Qxd6 Qxd6 18. Rxd6 Be6 19. Rfd1 Rfc8 20. c3 Kg7 21. f4 Bc4 22. Bf3 Ra7 23. Rb6 a5 24. f5 gxf5 25. exf5 Rc5 26. Rdd6 Rxf5 27. Rbc6 a4 28. Rd2 Re7 29. Rcd6 Rfe5 30. R6d4 f5 31. Kf2 Kg6 32. Bd5 Be2 33. Bc6 Bc4 34. Bd5 Re2+ 35. Kg3 R7e3+ 36. Kh2 Bxd5 37. Rxd5 Rxd2 38. Rxd2 Re5 39. Rd4 Kg5 40. h4+ Kg6 41. Kg3 f6 42. Kf3 h5 43. c4 bxc4 44. Rxc4 Rb5 45. Rb4 Ra5 46. g3 Kf7 47. Kf4 Kg6 48. Ke3 Kf7 49. Kd3 Ke6 50. Kc4 f4 51. gxf4 Rf5 52. Kc3 Ra5 53. b3 axb3 54. Kxb3 Kf5 55. a4 Ra8 56. Rb6 Re8 57. a5 Re3+ 58. Ka4 Re1 59. a6 Kxf4 60. Rb4+ Kg3 61. Ka5 Re8 62. Kb5 f5 63. Kc4 Ra8 64. Ra4 Kxh4 65. Kd3+ Kg3 66. Ke2 Kg2 67. Ke3 h4 68. Rxh4 Rxa6 69. Rh5 1/2-1/2

[Event "Blankenburg op-A 16th"]
[Site "Blankenburg"]
[Date "2008.10.07"]
[Round "7"]
[White "Fleischmann, Torsten"]
[Black "Von Bassewitz, Ingo"]
[Result "1-0"]
[WhiteElo "1863"]
[BlackElo "1971"]
[PlyCount "67"]
[EventDate "2008.10.03"]
[EventType "swiss"]
[EventRounds "7"]
[EventCountry "GER"]
[SourceTitle "EXT 2015"]
[Source "ChessBase"]
[SourceDate "2014.11.20"]
[SourceVersion "1"]
[SourceVersionDate "2014.11.20"]
[SourceQuality "1"]

1. d4 Nf6 2. c4 c5 3. d5 b5 4. Nc3 bxc4 5. e4 Ba6 6. e5 Ng8 7. Qa4 g6 8. f4 Bg7 9. Be3 Qb6 10. b3 cxb3 11. Bxa6 b2 12. Rb1 Nxa6 13. Nge2 Nh6 14. h3 Nf5 15. Bf2 Nb4 16. 0-0 Nd3 17. g4 Nxf2 18. Rxf2 Nd4 19. Nxd4 cxd4 20. Rfxb2 Qxb2 21. Rxb2 dxc3 22. Rc2 0-0 23. Qxd7 Rfd8 24. Qxe7 Rxd5 25. Rxc3 Rd1+ 26. Kf2 Rd2+ 27. Ke3 Rxa2 28. Rc7 Rf8 29. Rd7 Rh2 30. e6 Rxh3+ 31. Ke2 Rh6 32. exf7+ Kh8 33. Rd8 Rh2+ 34. Kf3 1-0

[Event "Friedrichroda op 12th"]
[Site "Friedrichroda"]
[Date "2008.08.09"]
[Round "5"]
[White "Von Bassewitz, Ingo"]
[Black "Maczollek, Helmut"]
[Result "1-0"]
[WhiteElo "1678"]
[BlackElo "1719"]
[PlyCount "87"]
[EventDate "2008.08.06"]
[EventType "swiss"]
[EventRounds "7"]
[EventCountry "GER"]
[SourceTitle "CBM 126 Extra"]
[Source "ChessBase"]
[SourceDate "2008.11.05"]
[SourceVersion "1"]
[SourceVersionDate "2008.11.05"]
[SourceQuality "1"]
[WhiteTeam "Attikis Aspropirgos (W)"]
[BlackTeam "Attikis Aspropirgos (W)"]
[WhiteTeamCountry "GRE"]
[BlackTeamCountry "GRE"]

1. Nf3 d5 2. g3 c6 3. Bg2 Nf6 4. 0-0 e6 5. a4 Be7 6. Na3 b6 7. c4 0-0 8. cxd5 cxd5 9. Nb5 a6 10. Nc3 Bb7 11. d4 Nbd7 12. Bg5 Rc8 13. Rc1 h6 14. Bf4 Nh7 15. Ne5 Nxe5 16. Bxe5 Bf6 17. Bf4 Bg5 18. Qd2 Bxf4 19. Qxf4 Nf6 20. Na2 Qd7 21. Nc3 Qe7 22. g4 Nh7 23. e4 Qg5 24. Qxg5 Nxg5 25. exd5 exd5 26. Bxd5 Bxd5 27. Nxd5 Rxc1 28. Rxc1 Nf3+ 29. Kg2 Nxd4 30. Nxb6 Rb8 31. Rc8+ Rxc8 32. Nxc8 Ne6 33. b4 Kf8 34. Kf3 Ke8 35. Ke4 Kd7 36. Nb6+ Kc6 37. Nc4 Nc7 38. Ne5+ Kd6 39. Nxf7+ Ke6 40. Nd8+ Kd6 41. Nb7+ Kc6 42. Nc5 Nd5 43. Nxa6 Kb6 44. Kxd5 1-0

[Event "Blankenburg op-A 13th"]
[Site "Blankenburg"]
[Date "2005.10.01"]
[Round "2"]
[White "Von Bassewitz, Ingo"]
[Black "Michael, Dirk"]
[Result "0-1"]
[WhiteElo "1805"]
[BlackElo "2148"]
[PlyCount "120"]
[EventDate "2005.09.30"]
[EventType "swiss"]
[EventRounds "7"]
[EventCountry "GER"]
[SourceTitle "EXT 2007"]
[Source "ChessBase"]
[SourceDate "2006.11.23"]
[SourceVersion "1"]
[SourceVersionDate "2006.11.23"]
[SourceQuality "1"]

1. e4 c6 2. d4 d5 3. Nc3 dxe4 4. Nxe4 Nf6 5. Nxf6+ gxf6 6. Nf3 Bg4 7. Be2 Qc7 8. c3 Nd7 9. Be3 e6 10. h3 Bh5 11. Nh4 Bxe2 12. Qxe2 0-0-0 13. Qh5 Nb6 14. Qa5 Rd5 15. Qxa7 Nc4 16. Qa8+ Kd7 17. Bh6 Ra5 18. Qxf8 Rxf8 19. Bxf8 Qf4 20. Nf3 Qe4+ 21. Kf1 Nxb2 22. Bb4 Rxa2 23. Re1 Qc2 24. Kg1 Nd3 25. Rf1 Nxb4 26. cxb4 Rb2 27. Kh2 Rxb4 28. Rc1 Qxf2 29. Rhf1 Qe3 30. Rfe1 Qf4+ 31. Kh1 Rb2 32. Rf1 Qg3 33. Rg1 b5 34. Ra1 e5 35. Ra7+ Ke6 36. dxe5 fxe5 37. Rc7 Rc2 38. Rc8 f6 39. Rh8 Qg7 40. Rb8 Qa7 41. Re8+ Kf7 42. Rh8 Kg7 43. Rd8 Qf2 44. Rd7+ Kg6 45. Rd6 e4 46. Ne5+ Kf5 47. Nxc6 e3 48. Nd4+ Ke5 49. Nxc2 Kxd6 50. Rd1+ Ke5 51. Ne1 Qf1+ 52. Kh2 Ke4 53. Rb1 e2 54. Rb4+ Ke3 55. Rb1 Kd2 56. Nf3+ Kc2 57. Re1 Qxf3 58. gxf3 Kd2 59. Rxe2+ Kxe2 60. Kg3 b4 0-1